000 01303nam a22003738 4500
999 _c9447
_d9447
003 BD - JhCC
005 20180314162036.0
008 890202s1989 mdua b 001 0 eng
020 _a0932020623 :
_c15.95
020 _a0932020631 (pbk.) :
_c9.95
035 _aMITb10359529
_aBD - JhCC
035 _a(OCoLC)19269820
035 _aGLIS00359529
040 _aDLC
_cDLC
_dMYG
_dBD - JhCC
041 _aeng
050 0 _aHD8072.5
_b.S84 1989
082 _bSWE 1989
099 _aHD8072.5.S84 1989
100 1 _aSweeney, John J.,
_d1934-
245 1 0 _aSolutions for the new work force :
_bpolicies for a new social contract /
_cJohn J. Sweeney and Karen Nussbaum ; preface by Eli Ginzberg.
260 _aCabin John, MD :
_bSeven Locks Press,
_c1989.
300 _axviii, 220 p. :
_bill. ;
_c22 cm.
504 _aIncludes bibliographical references and index.
650 0 _aLabor policy
_zUnited States.
650 0 _aEconomic security
_zUnited States.
650 0 _aWages
_zUnited States.
650 0 _aEmployee fringe benefits
_zUnited States.
650 0 _aService industries workers
_zUnited States.
650 0 _aWork and family
_zUnited States.
700 1 _aNussbaum, Karen.
942 _2ddc
_cBK
949 _aMYGD
_b39080005489411